000 00735nam a2200217Ii 4500
003 JO-AjNU
008 230605s9999||||xx |||||||||||||| ||und||
017 _a2008/8/2672
040 _aJO-AjNU
_bara
_erda
_cJO-AjNU
041 _aara
050 1 4 _aLC191.Z82 2009
100 3 _aالزعبي،آلاء علي فالح,
_eauthor
_921734
245 0 0 _aالتربية الوطنية في الإسلام:دراسة تحليلية
250 _aط1
264 3 1 _aعمان:دار المأمون للنشر،2009
300 _a246ص
336 _atext
_btxt
_2rdacontent
337 _aunmediated
_bn
_2rdamedia
338 _avolume
_bnc
_2rdacarrier
650 4 _aالتربية الوطنية-حقوق الإنسان-الإسلام
_921735
999 _aA7600
_c11168
_d11168